[Event "Urals-ch"]
[Site "Satka"]
[Date "2012.03.25"]
[Round "2"]
[White "Matvienko, Ivan"]
[Black "Kaliev, Konstantin Arkadiev"]
[Result "1-0"]
[WhiteElo "2286"]
[BlackElo "1962"]
[PlyCount "77"]
[EventDate "2012.03.24"]
[EventType "swiss"]
[EventRounds "9"]
[EventCountry "RUS"]
[SourceTitle "CBM 147 Extra"]
[Source "ChessBase"]
[SourceDate "2012.04.24"]
[SourceVersion "1"]
[SourceVersionDate "2012.04.24"]
[SourceQuality "1"]

1. e4 c6 2. d4 d5 3. Nc3 dxe4 4. Nxe4 Bf5 5. Ng3 Bg6 6. h4 h6 7. Bc4 e6 8. N1e2 Nf6 9. c3 Bd6 10. Nf4 Bh7 11. Qf3 Nbd7 12. Ngh5 0-0 13. Nxf6+ Qxf6 14. Be3 e5 15. Nh5 Qg6 16. Rd1 e4 17. Qe2 b5 18. Bb3 Nf6 19. Nxf6+ Qxf6 20. g4 Qf3 21. Qxf3 exf3 22. Rh3 Be4 23. Rc1 Kh8 24. Bc2 f5 25. Bxe4 fxe4 26. Kd2 Rad8 27. h5 Be7 28. g5 hxg5 29. Rg1 Rd5 30. Rg4 Rf4 31. Bxf4 gxf4 32. Rxf4 Bg5 33. Ke3 Rd7 34. Rg3 Bh6 35. Rg6 Bxf4+ 36. Kxf4 Re7 37. Ke3 a5 38. Rxc6 b4 39. c4 1-0

[Event "Cheliabinsk Postovalov Memorial 4th"]
[Site "Cheliabinsk"]
[Date "2010.01.08"]
[Round "7"]
[White "Gorbushin, Maksim"]
[Black "Matvienko, Ivan"]
[Result "0-1"]
[WhiteElo "2012"]
[BlackElo "2296"]
[PlyCount "54"]
[EventDate "2010.01.04"]
[EventType "swiss"]
[EventRounds "9"]
[EventCountry "RUS"]
[SourceTitle "CBM 134 Extra"]
[Source "ChessBase"]
[SourceDate "2010.03.03"]
[SourceVersion "1"]
[SourceVersionDate "2010.03.03"]
[SourceQuality "1"]

1. e4 e5 2. Nc3 Nf6 3. f4 d5 4. fxe5 Nxe4 5. Nf3 Nc6 6. d3 Nxc3 7. bxc3 d4 8. cxd4 Bb4+ 9. Bd2 Bxd2+ 10. Qxd2 Nxd4 11. c3 Nxf3+ 12. gxf3 0-0 13. 0-0-0 Qd5 14. d4 c5 15. Rg1 g6 16. f4 cxd4 17. Qxd4 Qxa2 18. Bc4 Qa3+ 19. Kd2 Bf5 20. Ke3 Rad8 21. Bd5 Be6 22. Qc4 Rc8 23. Qe4 Rxc3+ 24. Kf2 Qb2+ 25. Kf1 Rc1 26. Rxc1 Qxc1+ 27. Kg2 Qd2+ 0-1

[Event "Cheliabinsk Postovalov Memorial 4th"]
[Site "Cheliabinsk"]
[Date "2010.01.04"]
[Round "2"]
[White "Matvienko, Ivan"]
[Black "Osipov, Denis"]
[Result "1-0"]
[WhiteElo "2296"]
[BlackElo "2111"]
[PlyCount "67"]
[EventDate "2010.01.04"]
[EventType "swiss"]
[EventRounds "9"]
[EventCountry "RUS"]
[SourceTitle "CBM 134 Extra"]
[Source "ChessBase"]
[SourceDate "2010.03.03"]
[SourceVersion "1"]
[SourceVersionDate "2010.03.03"]
[SourceQuality "1"]

1. e4 d5 2. exd5 Nf6 3. d4 Nxd5 4. Nf3 g6 5. Bc4 Bg7 6. 0-0 0-0 7. c3 Bg4 8. h3 Bxf3 9. Qxf3 e6 10. Nd2 Nc6 11. Ne4 h6 12. a4 Nb6 13. Bb5 Na5 14. Nc5 c6 15. Be2 Qd5 16. b4 Nac4 17. a5 Nc8 18. Nxb7 Rb8 19. Nc5 Rd8 20. Bf4 N8d6 21. Rac1 Rbc8 22. Rfd1 Nb5 23. Bxc4 Qxc4 24. Qd3 Qxd3 25. Rxd3 Na3 26. Kf1 Rd5 27. Ke2 Nc4 28. Rb1 Bf8 29. Ne4 Kg7 30. Rdd1 Rdd8 31. Kd3 Na3 32. Rb3 Nb5 33. Kc2 e5 34. Bxe5+ 1-0

[Event "RUS-chT Regions"]
[Site "Tula"]
[Date "2009.11.??"]
[Round "9"]
[White "Lepkasov, Vladislav"]
[Black "Matvienko, Ivan"]
[Result "0-1"]
[WhiteElo "2037"]
[BlackElo "2304"]
[PlyCount "50"]
[EventDate "2009.11.??"]
[EventType "team-tourn"]
[EventRounds "9"]
[EventCountry "RUS"]
[SourceTitle "EXT 2011"]
[Source "ChessBase"]
[SourceDate "2010.11.26"]
[SourceVersion "1"]
[SourceVersionDate "2010.11.26"]
[SourceQuality "1"]

1. e4 e5 2. Nf3 Nc6 3. Bb5 a6 4. Ba4 Nf6 5. 0-0 b5 6. Bb3 Bb7 7. Re1 Bc5 8. c3 d6 9. d4 Bb6 10. Bg5 Qd7 11. Bd5 0-0-0 12. a4 h6 13. axb5 axb5 14. Bxf6 gxf6 15. Na3 Rhg8 16. Nc2 f5 17. exf5 Qxf5 18. Qe2 exd4 19. Qxb5 dxc3 20. Nfd4 Qxd5 21. Qxd5 Rg5 22. Nf5 Na7 23. Qxf7 Rxg2+ 24. Kf1 Rxf2+ 25. Kg1 Rxf5+ 0-1

[Event "Pardubice Czech op-A"]
[Site "Pardubice"]
[Date "2009.08.01"]
[Round "9"]
[White "Savitskiy, Sergey"]
[Black "Matvienko, Ivan"]
[Result "1/2-1/2"]
[WhiteElo "2191"]
[BlackElo "2304"]
[PlyCount "28"]
[EventDate "2009.07.24"]
[EventType "swiss"]
[EventRounds "9"]
[EventCountry "CZE"]
[SourceTitle "CBM 131 Extra"]
[Source "ChessBase"]
[SourceDate "2009.09.03"]
[SourceVersion "2"]
[SourceVersionDate "2009.09.16"]
[SourceQuality "1"]

1. e4 e5 2. Nf3 Nc6 3. d4 exd4 4. Nxd4 Bc5 5. Nb3 Bb4+ 6. c3 Be7 7. g3 d6 8. Bg2 Be6 9. 0-0 Qd7 10. Nd4 Bh3 11. Nxc6 Bxg2 12. Kxg2 bxc6 13. c4 h5 14. h3 Bf6 1/2-1/2

[Event "EU-chT U18 9th"]
[Site "Pardubice"]
[Date "2009.07.20"]
[Round "5"]
[White "Yilmaz, Mustafa"]
[Black "Matvienko, Ivan"]
[Result "1-0"]
[WhiteElo "2432"]
[BlackElo "2304"]
[PlyCount "61"]
[EventDate "2009.07.16"]
[EventType "team-swiss"]
[EventRounds "7"]
[EventCountry "CZE"]
[SourceTitle "EXT 2020"]
[Source "ChessBase"]
[SourceDate "2019.10.17"]
[SourceVersion "1"]
[SourceVersionDate "2019.10.17"]
[SourceQuality "1"]
[WhiteTeam "Turkey U18"]
[BlackTeam "Salekhard Karpov Chess School U18"]
[WhiteTeamCountry "TUR"]
[BlackTeamCountry "RUS"]

1. e4 e5 2. Nf3 Nc6 3. Bc4 Nf6 4. d3 Be7 5. Nc3 0-0 6. h3 d6 7. Be3 Na5 8. Bb3 c6 9. 0-0 Qc7 10. Ne2 h6 11. Ng3 Re8 12. Nh2 d5 13. Qf3 Nxb3 14. axb3 dxe4 15. dxe4 Nh7 16. Bxa7 Bxh3 17. gxh3 b6 18. Bxb6 Qxb6 19. Nf5 Bf8 20. Ng4 Ng5 21. Qg2 Qb4 22. h4 h5 23. Rxa8 Nh3+ 24. Qxh3 Rxa8 25. Nxe5 Qxe4 26. Nd3 Ra5 27. Ng3 Qd4 28. Re1 g6 29. Qc8 Qxh4 30. Re8 Ra1+ 31. Kg2 1-0

[Event "EU-chT U18 9th"]
[Site "Pardubice"]
[Date "2009.07.18"]
[Round "3"]
[White "Prohaszka, Peter"]
[Black "Matvienko, Ivan"]
[Result "1-0"]
[WhiteElo "2508"]
[BlackElo "2304"]
[PlyCount "63"]
[EventDate "2009.07.16"]
[EventType "team-swiss"]
[EventRounds "7"]
[EventCountry "CZE"]
[SourceTitle "EXT 2020"]
[Source "ChessBase"]
[SourceDate "2019.10.17"]
[SourceVersion "1"]
[SourceVersionDate "2019.10.17"]
[SourceQuality "1"]
[WhiteTeam "Hungary U18"]
[BlackTeam "Salekhard Karpov Chess School U18"]
[WhiteTeamCountry "HUN"]
[BlackTeamCountry "RUS"]

1. d4 Nf6 2. c4 e6 3. g3 d5 4. Nf3 Be7 5. Bg2 dxc4 6. 0-0 0-0 7. Qc2 a6 8. a4 Bd7 9. Rd1 Bc6 10. Nc3 Nbd7 11. e4 b5 12. d5 exd5 13. e5 b4 14. exf6 Nxf6 15. Ne5 Bb7 16. Nxd5 Nxd5 17. Qxc4 Bd6 18. Nc6 Bxc6 19. Qxc6 Ne7 20. Qxa8 Qxa8 21. Bxa8 Rxa8 22. Kg2 Be5 23. Rb1 c5 24. Be3 c4 25. Bd4 Nc6 26. Bxe5 Nxe5 27. Rd4 Rc8 28. Rc1 f5 29. f4 Ng4 30. h3 Nf6 31. Rdxc4 Rxc4 32. Rxc4 1-0

[Event "Moscow op-A"]
[Site "Moscow"]
[Date "2009.02.07"]
[Round "8"]
[White "Matvienko, Ivan"]
[Black "Okara, Andrey"]
[Result "1/2-1/2"]
[WhiteElo "2275"]
[BlackElo "2394"]
[PlyCount "73"]
[EventDate "2009.01.31"]
[EventType "swiss"]
[EventRounds "9"]
[EventCountry "RUS"]
[SourceTitle "EXT 2023"]
[Source "ChessBase"]
[SourceDate "2022.10.05"]
[SourceVersion "1"]
[SourceVersionDate "2022.10.05"]
[SourceQuality "1"]

1. e4 e5 2. Nf3 Nc6 3. Bb5 d6 4. 0-0 Bd7 5. c3 Nge7 6. d4 Ng6 7. Re1 Be7 8. Nbd2 0-0 9. Nc4 Bf6 10. dxe5 dxe5 11. Bxc6 bxc6 12. Be3 Qc8 13. b4 Rd8 14. Qc2 Bg4 15. Nfd2 Be6 16. Na5 Qa6 17. Ndb3 Nf4 18. f3 Be7 19. Bc5 Bd6 20. Rad1 Bxb3 21. Nxb3 Bxc5+ 22. Nxc5 Qc4 23. g3 Ng6 24. Qb3 Rxd1 25. Rxd1 Qe2 26. c4 h5 27. a3 a5 28. Qd3 Qb2 29. b5 cxb5 30. cxb5 a4 31. Na6 Ra7 32. Nxc7 h4 33. Rb1 Qa2 34. b6 Rb7 35. Nd5 h3 36. Ne3 Nf8 37. Rb5 1/2-1/2

[Event "Moscow op-A"]
[Site "Moscow"]
[Date "2009.02.06"]
[Round "7"]
[White "Matsenko, Sergei"]
[Black "Matvienko, Ivan"]
[Result "1/2-1/2"]
[WhiteElo "2429"]
[BlackElo "2275"]
[PlyCount "74"]
[EventDate "2009.01.31"]
[EventType "swiss"]
[EventRounds "9"]
[EventCountry "RUS"]
[SourceTitle "EXT 2023"]
[Source "ChessBase"]
[SourceDate "2022.10.05"]
[SourceVersion "1"]
[SourceVersionDate "2022.10.05"]
[SourceQuality "1"]

1. e4 e5 2. Nf3 Nc6 3. Bb5 a6 4. Ba4 Nf6 5. 0-0 Be7 6. Re1 b5 7. Bb3 0-0 8. h3 Bb7 9. d3 h6 10. Nc3 Re8 11. a4 b4 12. Nd5 Na5 13. Nxe7+ Qxe7 14. Ba2 b3 15. cxb3 c5 16. b4 cxb4 17. Be3 d5 18. Bb6 b3 19. Bb1 Qb4 20. Bxa5 Qxa5 21. Qxb3 Rab8 22. Qc3 Qb6 23. a5 Qb5 24. Ra2 d4 25. Qd2 Bc8 26. Bc2 Be6 27. Ba4 Qb7 28. Ra3 Nd7 29. Rc1 f6 30. Rc6 Kf7 31. Ra1 Rec8 32. Rxc8 Rxc8 33. b4 Rc3 34. Rb1 Nc5 35. Bc2 Nb3 36. Bxb3 Rxb3 37. Rxb3 Bxb3 1/2-1/2

[Event "Moscow op-A"]
[Site "Moscow"]
[Date "2009.02.04"]
[Round "5"]
[White "Matvienko, Ivan"]
[Black "Gladyszev, Oleg"]
[Result "0-1"]
[WhiteElo "2275"]
[BlackElo "2422"]
[PlyCount "54"]
[EventDate "2009.01.31"]
[EventType "swiss"]
[EventRounds "9"]
[EventCountry "RUS"]
[SourceTitle "EXT 2022"]
[Source "ChessBase"]
[SourceDate "2021.10.06"]
[SourceVersion "1"]
[SourceVersionDate "2021.10.06"]
[SourceQuality "1"]

1. e4 c5 2. Nf3 Nc6 3. d4 cxd4 4. Nxd4 Nf6 5. Nc3 e5 6. Ndb5 d6 7. Bg5 a6 8. Na3 b5 9. Bxf6 gxf6 10. Nd5 f5 11. g3 Bg7 12. Bg2 fxe4 13. Bxe4 Be6 14. c3 0-0 15. 0-0 Rb8 16. Nc2 f5 17. Bg2 a5 18. Qd2 Qd7 19. a3 Rfd8 20. Rfd1 Kh8 21. Nce3 b4 22. axb4 axb4 23. Nxb4 Nxb4 24. cxb4 e4 25. Ra5 Be5 26. f4 exf3 27. Bxf3 Qg7 0-1

[Event "Moscow op-A"]
[Site "Moscow"]
[Date "2009.02.03"]
[Round "4"]
[White "Novikov, Stanislav"]
[Black "Matvienko, Ivan"]
[Result "1-0"]
[WhiteElo "2523"]
[BlackElo "2275"]
[PlyCount "38"]
[EventDate "2009.01.31"]
[EventType "swiss"]
[EventRounds "9"]
[EventCountry "RUS"]
[SourceTitle "EXT 2022"]
[Source "ChessBase"]
[SourceDate "2021.10.06"]
[SourceVersion "1"]
[SourceVersionDate "2021.10.06"]
[SourceQuality "1"]

1. c4 Nf6 2. Nc3 e6 3. e4 d5 4. e5 d4 5. exf6 dxc3 6. bxc3 Qxf6 7. Nf3 c5 8. d4 Nc6 9. Bg5 Qg6 10. Bd3 f5 11. d5 Nd8 12. Bc2 Bd6 13. Ba4+ Bd7 14. 0-0 e5 15. Bf4 e4 16. Nh4 Qf6 17. Bxd6 Qxd6 18. Nxf5 Qg6 19. Bxd7+ Kxd7 1-0

[Event "Moscow op-A"]
[Site "Moscow"]
[Date "2009.02.02"]
[Round "3"]
[White "Matvienko, Ivan"]
[Black "Yandemirov, Valeri"]
[Result "0-1"]
[WhiteElo "2275"]
[BlackElo "2474"]
[PlyCount "108"]
[EventDate "2009.01.31"]
[EventType "swiss"]
[EventRounds "9"]
[EventCountry "RUS"]
[SourceTitle "CBM 128 Extra"]
[Source "ChessBase"]
[SourceDate "2009.03.05"]
[SourceVersion "2"]
[SourceVersionDate "2009.03.25"]
[SourceQuality "1"]

1. e4 e5 2. Nf3 Nc6 3. Bb5 a6 4. Bxc6 dxc6 5. Nc3 f6 6. d4 exd4 7. Nxd4 c5 8. Nde2 Qxd1+ 9. Nxd1 Be6 10. Bf4 0-0-0 11. Ne3 c4 12. h4 Bc5 13. Ng3 Ne7 14. h5 g5 15. hxg6 hxg6 16. Rxh8 Rxh8 17. Nef1 Nc6 18. Be3 Bb4+ 19. Bd2 Bd6 20. Bc3 Rf8 21. Rd1 b5 22. a3 a5 23. Ne2 b4 24. axb4 axb4 25. Bd4 Nxd4 26. Nxd4 Bf7 27. Ne3 Re8 28. c3 Rxe4 29. Nc6 bxc3 30. bxc3 Be8 31. Na5 f5 32. Naxc4 Bc5 33. Nd2 Re6 34. Kf1 Bxe3 35. fxe3 Rxe3 36. Re1 Rxe1+ 37. Kxe1 Kd7 38. Ke2 Ke6 39. Ke3 Bc6 40. g3 Bd5 41. Kd4 g5 42. Nf1 Kd6 43. Ne3 c5+ 44. Kd3 Ke5 45. Ke2 Ke4 46. Kf2 Bf7 47. Ke2 Be6 48. Kf2 Kd3 49. c4 Ke4 50. Nf1 Bxc4 51. Nd2+ Kd3 52. Nf3 g4 53. Ne5+ Kd4 54. Nc6+ Ke4 0-1

[Event "Salekhard"]
[Site "Salekhard"]
[Date "2008.12.06"]
[Round "8"]
[White "Matvienko, Ivan"]
[Black "Shcherbin, Matvei"]
[Result "0-1"]
[WhiteElo "2268"]
[BlackElo "2233"]
[PlyCount "154"]
[EventDate "2008.11.29"]
[EventType "tourn"]
[EventRounds "9"]
[EventCountry "RUS"]
[EventCategory "4"]
[SourceTitle "CBM 127 Extra"]
[Source "ChessBase"]
[SourceDate "2009.01.08"]
[SourceVersion "2"]
[SourceVersionDate "2009.01.28"]
[SourceQuality "1"]

1. e4 c5 2. Nf3 e6 3. d4 cxd4 4. Nxd4 Bc5 5. Nb3 Bb6 6. Nc3 Ne7 7. Bf4 d5 8. Qf3 dxe4 9. Nxe4 0-0 10. Rd1 Bd7 11. Bd3 f5 12. Nd6 Ng6 13. Bc4 Qh4 14. Bg3 Qf6 15. Qxf5 Qxf5 16. Nxf5 Rxf5 17. Bxb8 Rxb8 18. Rxd7 Rxf2 19. Rd2 Rf6 20. Rf1 Rxf1+ 21. Kxf1 Nf8 22. Bd3 Kf7 23. c4 Rc8 24. Rc2 Nd7 25. Nd2 Ne5 26. Ne4 Ke7 27. Be2 Rf8+ 28. Ke1 Ba5+ 29. Kd1 Nc6 30. Bf3 Rd8+ 31. Kc1 Nb4 32. Re2 Nxa2+ 33. Kc2 Nb4+ 34. Kb3 Nc6 35. Ka4 Rd4 36. b3 Rd1 37. Ka3 Bb4+ 38. Kb2 Nd4 39. Re3 Nxf3 40. Rxf3 Re1 41. Nc3 Bd6 42. h3 Be5 43. Kc2 Bxc3 44. Kxc3 Re2 45. Rg3 g6 46. Kd3 Rb2 47. Ke4 a5 48. Rg5 Rxb3 49. Rxa5 Kf6 50. g4 g5 51. Ra8 Rxh3 52. Rf8+ Ke7 53. Rb8 Rb3 54. Rh8 Rh3 55. Rb8 Rb3 56. Rh8 Kd6 57. Rd8+ Kc5 58. Rc8+ Kb4 59. Ke5 Rg3 60. Rb8 Kxc4 61. Rxb7 Rxg4 62. Rxh7 Kd3 63. Rh3+ Ke2 64. Kxe6 Kf2 65. Kf5 Rg1 66. Rh2+ Kg3 67. Ra2 g4 68. Ra3+ Kh4 69. Ra8 Rf1+ 70. Ke4 Kh3 71. Ke3 Rf7 72. Ke2 g3 73. Rh8+ Kg2 74. Re8 Kg1 75. Rg8 g2 76. Ke1 Re7+ 77. Kd2 Rh7 0-1

[Event "Salekhard"]
[Site "Salekhard"]
[Date "2008.12.03"]
[Round "5"]
[White "Matvienko, Ivan"]
[Black "Karpov, Alexander"]
[Result "0-1"]
[WhiteElo "2268"]
[BlackElo "2330"]
[PlyCount "64"]
[EventDate "2008.11.29"]
[EventType "tourn"]
[EventRounds "9"]
[EventCountry "RUS"]
[EventCategory "4"]
[SourceTitle "CBM 127 Extra"]
[Source "ChessBase"]
[SourceDate "2009.01.08"]
[SourceVersion "2"]
[SourceVersionDate "2009.01.28"]
[SourceQuality "1"]

1. e4 e5 2. Nf3 Nc6 3. Bb5 Nf6 4. 0-0 Nxe4 5. d4 Nd6 6. Bxc6 dxc6 7. dxe5 Nf5 8. Qe2 Nd4 9. Nxd4 Qxd4 10. Rd1 Bg4 11. Rxd4 Bxe2 12. Nc3 Bh5 13. Bg5 Bc5 14. Rd2 h6 15. Bh4 Bb4 16. f3 g5 17. Bf2 Bg6 18. g4 0-0 19. Rd7 Rac8 20. Ne2 Rfe8 21. c3 Bf8 22. Bg3 f5 23. e6 fxg4 24. fxg4 Rxe6 25. Nd4 Re4 26. h3 Re3 27. Bf2 Rd3 28. Re1 c5 29. b4 cxd4 30. Bxd4 Be8 31. Rd5 Bc6 32. Rde5 Rxh3 0-1

[Event "Salekhard"]
[Site "Salekhard"]
[Date "2008.11.30"]
[Round "2"]
[White "Nozdrin, Alexander V"]
[Black "Matvienko, Ivan"]
[Result "0-1"]
[WhiteElo "2413"]
[BlackElo "2268"]
[PlyCount "118"]
[EventDate "2008.11.29"]
[EventType "tourn"]
[EventRounds "9"]
[EventCountry "RUS"]
[EventCategory "4"]
[SourceTitle "CBM 127 Extra"]
[Source "ChessBase"]
[SourceDate "2009.01.08"]
[SourceVersion "2"]
[SourceVersionDate "2009.01.28"]
[SourceQuality "1"]

1. d4 Nf6 2. Nf3 e6 3. c4 b6 4. g3 Ba6 5. Qc2 d5 6. cxd5 exd5 7. Bg5 Be7 8. Nc3 0-0 9. Bg2 Bb7 10. 0-0 Nbd7 11. Rfd1 h6 12. Bf4 Re8 13. Nb5 a6 14. Bxc7 Qc8 15. Na3 Bxa3 16. bxa3 Re6 17. Rac1 Rc6 18. Qxc6 Bxc6 19. Rxc6 Qe8 20. e3 Rc8 21. Rdc1 Qe7 22. Bh3 Ne8 23. Nh4 g6 24. Ng2 Rxc7 25. Rxc7 Nxc7 26. Rxc7 Qe4 27. Rc1 Nf6 28. Nf4 g5 29. Bg2 Qf5 30. Nxd5 Nxd5 31. e4 Qf6 32. exd5 Qxd4 33. h3 Kf8 34. g4 Ke7 35. Rc7+ Kd6 36. Rxf7 Qa1+ 37. Kh2 Qe5+ 38. Kg1 Qa1+ 39. Kh2 Qe5+ 40. Kg1 Qa1+ 41. Bf1 Kxd5 42. Rd7+ Ke5 43. Rb7 Qb1 44. a4 a5 45. a3 Qb3 46. Re7+ Kf6 47. Rh7 Qxa4 48. Rxh6+ Ke5 49. Rh5 Qxa3 50. Rxg5+ Kd4 51. h4 a4 52. h5 Qe7 53. Rg6 Kc5 54. h6 a3 55. Rg7 Qh4 56. Rc7+ Kb4 57. h7 a2 58. Rc1 Qxh7 59. Bc4 Qb1 0-1

[Event "Khanty-Mansiysk Governor Cup"]
[Site "Khanty-Mansiysk"]
[Date "2008.10.23"]
[Round "9"]
[White "Matvienko, Ivan"]
[Black "Pogromsky, Mikhail"]
[Result "1-0"]
[WhiteElo "2268"]
[BlackElo "2413"]
[PlyCount "45"]
[EventDate "2008.10.15"]
[EventType "swiss"]
[EventRounds "9"]
[EventCountry "RUS"]
[SourceTitle "EXT 2010"]
[Source "ChessBase"]
[SourceDate "2010.11.25"]
[SourceVersion "1"]
[SourceVersionDate "2010.11.25"]
[SourceQuality "1"]

1. e4 c5 2. Nf3 e6 3. d4 cxd4 4. Nxd4 a6 5. Be2 b5 6. 0-0 Bb7 7. Bf3 Qc7 8. Re1 Ne7 9. Nc3 Ng6 10. g3 Be7 11. Nf5 Bf8 12. Nd5 Qc6 13. Nd4 Qd6 14. Nf5 exf5 15. exf5+ Ne5 16. Rxe5+ Qxe5 17. Bf4 Bxd5 18. Bxe5 Bxf3 19. Qxf3 Nc6 20. f6 Rg8 21. Bc7 gxf6 22. Re1+ Be7 23. Bd6 1-0

[Event "Khanty-Mansiysk Governor Cup"]
[Site "Khanty-Mansiysk"]
[Date "2008.10.19"]
[Round "5"]
[White "Matvienko, Ivan"]
[Black "Obodchuk, Andrei"]
[Result "0-1"]
[WhiteElo "2268"]
[BlackElo "2434"]
[PlyCount "98"]
[EventDate "2008.10.15"]
[EventType "swiss"]
[EventRounds "9"]
[EventCountry "RUS"]
[SourceTitle "EXT 2010"]
[Source "ChessBase"]
[SourceDate "2010.11.25"]
[SourceVersion "1"]
[SourceVersionDate "2010.11.25"]
[SourceQuality "1"]

1. e4 c5 2. Nf3 e6 3. d4 cxd4 4. Nxd4 Nf6 5. Nc3 a6 6. Be2 Qc7 7. 0-0 Nc6 8. a4 Bb4 9. Qd3 0-0 10. Nxc6 bxc6 11. Bg5 Be7 12. Qe3 e5 13. Kh1 d6 14. f4 exf4 15. Rxf4 Ne8 16. Bxe7 Qxe7 17. Bc4 Nf6 18. Raf1 Be6 19. Bxe6 fxe6 20. e5 Ng4 21. exd6 Qxd6 22. Qf3 Rxf4 23. Qxf4 Qxf4 24. Rxf4 Ne3 25. Rf2 Rd8 26. h3 Nd1 27. Nxd1 Rxd1+ 28. Kh2 c5 29. Kg3 Rd5 30. Rf3 c4 31. Rf4 Rc5 32. Kf2 g5 33. Re4 Kf7 34. Ke3 e5 35. Kd2 Ke6 36. Kc3 Kd5 37. Rg4 h6 38. h4 Rc6 39. hxg5 Rg6 40. b4 cxb3 41. cxb3 e4 42. Rh4 hxg5 43. Rh8 Ke5 44. Re8+ Kf4 45. Kd2 Rb6 46. Ra8 Rxb3 47. Rxa6 Rb2+ 48. Ke1 Ke3 49. Kd1 Rxg2 0-1

[Event "Khanty-Mansiysk Governor Cup"]
[Site "Khanty-Mansiysk"]
[Date "2008.10.16"]
[Round "2"]
[White "Iordachescu, Viorel"]
[Black "Matvienko, Ivan"]
[Result "1-0"]
[WhiteElo "2572"]
[BlackElo "2268"]
[PlyCount "55"]
[EventDate "2008.10.15"]
[EventType "swiss"]
[EventRounds "9"]
[EventCountry "RUS"]
[SourceTitle "EXT 2010"]
[Source "ChessBase"]
[SourceDate "2010.11.25"]
[SourceVersion "1"]
[SourceVersionDate "2010.11.25"]
[SourceQuality "1"]

1. e4 e5 2. Nf3 Nc6 3. Bb5 a6 4. Ba4 Nf6 5. 0-0 Be7 6. Re1 b5 7. Bb3 0-0 8. h3 Bb7 9. d3 h6 10. Nbd2 Re8 11. Nf1 Bf8 12. c3 Na5 13. Bc2 c5 14. Ne3 Nc6 15. Ng4 Nxg4 16. hxg4 d5 17. g5 Na5 18. gxh6 gxh6 19. d4 cxd4 20. cxd4 dxe4 21. Nxe5 f5 22. Re3 Bg7 23. Rg3 Rxe5 24. dxe5 Qxd1+ 25. Bxd1 Kh7 26. Bf4 Nc4 27. Bh5 Nxe5 28. Rxg7+ 1-0

[Event "Pardubice Chladek&Tintera op-A 19th"]
[Site "Pardubice"]
[Date "2008.07.24"]
[Round "7"]
[White "Matvienko, Ivan"]
[Black "Ozolin, Maxim"]
[Result "0-1"]
[WhiteElo "2241"]
[BlackElo "2367"]
[PlyCount "56"]
[EventDate "2008.07.18"]
[EventType "swiss"]
[EventRounds "9"]
[EventCountry "CZE"]
[SourceTitle "CBM 125 Extra"]
[Source "ChessBase"]
[SourceDate "2008.09.01"]
[SourceVersion "1"]
[SourceVersionDate "2008.09.01"]
[SourceQuality "1"]

1. e4 c5 2. Nf3 d6 3. d4 cxd4 4. Nxd4 Nf6 5. Nc3 a6 6. Be2 e5 7. Nf3 Nbd7 8. a4 Be7 9. Nd2 Nc5 10. Bf3 Be6 11. Nf1 b5 12. Bg5 bxa4 13. Bxf6 Bxf6 14. Nxa4 Nxa4 15. Rxa4 Bg5 16. Qd3 Qb6 17. b3 0-0 18. Ng3 Bd7 19. Ra2 Qb4+ 20. Ke2 Rfc8 21. c4 a5 22. Nf5 a4 23. Rb1 Be6 24. Kd1 axb3 25. Rxa8 Rxa8 26. Rxb3 Ra1+ 27. Kc2 Qa4 28. Kb2 Qa2+ 0-1

[Event "Pardubice Chladek&Tintera op-A 19th"]
[Site "Pardubice"]
[Date "2008.07.20"]
[Round "3"]
[White "Matvienko, Ivan"]
[Black "Kulakov, Viacheslav"]
[Result "0-1"]
[WhiteElo "2241"]
[BlackElo "2360"]
[PlyCount "68"]
[EventDate "2008.07.18"]
[EventType "swiss"]
[EventRounds "9"]
[EventCountry "CZE"]
[SourceTitle "CBM 125 Extra"]
[Source "ChessBase"]
[SourceDate "2008.09.01"]
[SourceVersion "1"]
[SourceVersionDate "2008.09.01"]
[SourceQuality "1"]

1. e4 c6 2. d4 d5 3. Nc3 dxe4 4. Nxe4 Bf5 5. Ng3 Bg6 6. Bc4 e6 7. N1e2 Nf6 8. Nf4 Bd6 9. h4 Qc7 10. Nge2 Nbd7 11. h5 Bf5 12. h6 0-0-0 13. Bd3 Bxd3 14. Qxd3 g6 15. Be3 e5 16. Nh3 exd4 17. Nxd4 Ne5 18. Qb3 Neg4 19. 0-0-0 Nxe3 20. Qxe3 Rhe8 21. Qf3 Ne4 22. Rhe1 f5 23. g4 Bf8 24. Nxf5 Rxd1+ 25. Rxd1 gxf5 26. Qxf5+ Kb8 27. Rd7 Qh2 28. g5 Bd6 29. c3 Qh1+ 30. Kc2 Qf1 31. Qf3 Nxg5 32. Qd3 Re2+ 33. Kb3 Rxb2+ 34. Kc4 b5+ 0-1

[Event "Asia-ch Children-A"]
[Site "Yakutsk"]
[Date "2008.07.10"]
[Round "6"]
[White "Matvienko, Ivan"]
[Black "Gritsenko, Andrey"]
[Result "0-1"]
[WhiteElo "2241"]
[BlackElo "2338"]
[PlyCount "85"]
[EventDate "2008.07.05"]
[EventType "swiss"]
[EventRounds "7"]
[EventCountry "RUS"]
[SourceTitle "EXT 2022"]
[Source "ChessBase"]
[SourceDate "2021.10.06"]
[SourceVersion "1"]
[SourceVersionDate "2021.10.06"]
[SourceQuality "1"]

1. e4 c5 2. Nf3 d6 3. d4 cxd4 4. Nxd4 Nf6 5. Nc3 a6 6. Be2 e5 7. Nf3 Be7 8. Bg5 Be6 9. Bxf6 Bxf6 10. a4 0-0 11. Nd2 Qc7 12. 0-0 Nd7 13. Re1 Rac8 14. Nf1 Bg5 15. Bf3 Nb6 16. a5 Nc4 17. Nd5 Qc5 18. b3 Nb2 19. Qe2 Bxd5 20. exd5 Qxc2 21. Ra2 Qxe2 22. Bxe2 Rc2 23. Bd1 Rxf2 24. Bf3 Rc2 25. Bd1 Nd3 26. Rxc2 Nxe1 27. Rc7 Bd8 28. Rxb7 Bxa5 29. Be2 Nc2 30. Bxa6 e4 31. Ng3 f5 32. Nh5 Bc3 33. Nf4 Ra8 34. Ne2 Be5 35. Rb6 f4 36. Rc6 Nb4 37. Rc8+ Rxc8 38. Bxc8 Kf7 39. Be6+ Kf6 40. Bg8 h6 41. h3 f3 42. gxf3 exf3 43. Nc1 0-1

[Event "Asia-ch Children-A"]
[Site "Yakutsk"]
[Date "2008.07.09"]
[Round "5"]
[White "Ramnath, Bhuvanesh R"]
[Black "Matvienko, Ivan"]
[Result "0-1"]
[WhiteElo "2239"]
[BlackElo "2241"]
[PlyCount "90"]
[EventDate "2008.07.05"]
[EventType "swiss"]
[EventRounds "7"]
[EventCountry "RUS"]
[SourceTitle "EXT 2022"]
[Source "ChessBase"]
[SourceDate "2021.10.06"]
[SourceVersion "1"]
[SourceVersionDate "2021.10.06"]
[SourceQuality "1"]

1. e4 e5 2. Nf3 Nc6 3. Bb5 a6 4. Ba4 Nf6 5. 0-0 Be7 6. Re1 b5 7. Bb3 0-0 8. d4 d6 9. c3 Bg4 10. Be3 Re8 11. h3 Bh5 12. Nbd2 Bf8 13. d5 Nb8 14. a4 c6 15. Bg5 Qc7 16. Bxf6 gxf6 17. g4 Bg6 18. dxc6 Nxc6 19. axb5 axb5 20. Nf1 Rxa1 21. Qxa1 Ne7 22. Ng3 Qb7 23. Qd1 Rd8 24. Nh4 d5 25. Nxg6 hxg6 26. Qf3 Qc6 27. exd5 Nxd5 28. Rd1 Ne7 29. Qxc6 Nxc6 30. Rxd8 Nxd8 31. Bd5 Bh6 32. Kf1 Kf8 33. Ke2 Ke7 34. Kd3 Ne6 35. Bxe6 Kxe6 36. f3 f5 37. b3 Kf6 38. h4 e4+ 39. fxe4 fxg4 40. Kd4 Ke6 41. h5 Bf4 42. Ne2 Be5+ 43. Kc5 gxh5 44. Kxb5 h4 45. c4 h3 0-1